Les foullies dans la région de Jéricho / [por] Robert North

Guardado en:
Bibliografiske detaljer
Hovedforfatter: North, Robert Grady (autor)
Format: Bog
Fag:
Tags: Tilføj Tag
Ingen Tags, Vær først til at tagge denne postø!

MARC

LEADER 00000nam^a2200000^u^4500
001 000545064
005 20250521000000.0
008 060220s1000^^^^^^^^^^^^r^^^^^000^0^spa^d
009 20260310131341.398
035 |a FMI 000014420 
037 |a Acervo Xavier Clavigero 
096 |a 1.5/5/D 
100 |a North, Robert Grady  |e (autor) 
245 1 4 |a Les foullies dans la région de Jéricho / [por] Robert North 
264 |a Rome : Pontificio Istituto Biblico Amministrazione Libri, 1967 
300 |a 156 p. 
336 |a texto  |b txt  |2 rdacontenido 
337 |a sin mediación  |b n  |2 rdamedio 
338 |a volumen  |b nc  |2 rdasoporte 
649 |a XX 
650 |a GEOGRAFIA BIBLICA 
910 |a Fondo Francisco Migoya Covarrubias S.J. 
920 |a Impresos - Libros 
930 |a Fondos Especiales 
905 |a 134 
901 |a SBC04360  |b IT2  |c ESP  |u 20250521 
902 |a https://opac.biblio.iteso.mx/vufind/Record/000545064